Najlepsi strzelcy Realu Madryt w historii - Statystyki

Ogólne statystyki
  • Ten quiz został rozwiązany 195 razy
  • Średni wynik to 6 z 15
Statystyki odpowiedzi
Miejsce Piłkarz Narodowość Występy Bramki % Poprawnych
1. Cristiano Ronaldo Portugalia 438 450
99%
2. Karim Benzema Francja 648 354
86%
3. Raúl Hiszpania 741 323
86%
6. Ferenc Puskás Węgry 262 242
84%
4. Alfredo di Stéfano Hiszpania 392 306
71%
7. Hugo Sánchez Meksyk 282 208
47%
15 Gonzalo Higuaín Argentyna 264 121
34%
10. Emilio Butragueño Hiszpania 463 170
24%
8. Paco Gento Hiszpania 596 179
17%
13 Fernando Hierro Hiszpania 601 127
11%
9. Pirri Hiszpania 562 173
7%
5. Santillana Hiszpania 645 291
6%
12 Míchel Hiszpania 559 131
4%
11 Amancio Hiszpania 471 153
2%
14 Pahiño Hiszpania 143 126
1%
Nie znaleziono quizów pasujących do podanych kryteriów
Rozkład punktacji
Procent ludzi z każdym wynikiem
Percentyl według liczby udzielonych odpowiedzi
Twoja historia wyników
Nie rozwiązałeś tego quizu